Золотая минерализация в рудах месторождения Абыз (Центральный Казахстан); Проблемы геологии и освоения недр; Т. 1

Bibliographic Details
Parent link:Проблемы геологии и освоения недр=Problems of Geology and Subsurface Development: труды XXV Международного симпозиума имени академика М. А. Усова студентов и молодых учёных, посвященного 120-летию горногеологического образования в Сибири, 125-летию со дня основания Томского политехнического университета, Томск, 5-9 апреля 2021 г./ Национальный исследовательский Томский политехнический университет, Инженерная школа природных ресурсов ; гл. ред. Н. В. Гусева ; под ред. Е. Ю. Пасечник.— , 2021
Т. 1.— 2021.— [С. 68-70]
Main Author: Николаева А. Н.
Corporate Author: Национальный исследовательский Томский политехнический университет Инженерная школа природных ресурсов Отделение геологии
Other Authors: Байболова Ш. (научный руководитель), Мазуров А. К. Алексей Карпович
Summary:Заглавие с экрана
Language:Russian
Published: 2021
Series:Минералогия, геохимия и петрография
Subjects:
Online Access:http://earchive.tpu.ru/handle/11683/68517
Format: MixedMaterials Electronic Book Chapter
KOHA link:https://koha.lib.tpu.ru/cgi-bin/koha/opac-detail.pl?biblionumber=633465

MARC

LEADER 00000naa2a2200000 4500
001 633465
005 20240823063202.0
035 |a (RuTPU)RU\TPU\conf\35213 
035 |a RU\TPU\conf\35212 
090 |a 633465 
100 |a 20210923d2021 k y0rusy50 ca 
101 0 |a rus 
102 |a RU 
105 |a y z 100zy 
135 |a drcn ---uucaa 
181 0 |a i  
182 0 |a b 
200 1 |a Золотая минерализация в рудах месторождения Абыз (Центральный Казахстан)  |f А. Н. Николаева, Ш. Байболова  |g науч. рук. А. К. Мазуров 
203 |a Текст  |c электронный 
225 1 |a Минералогия, геохимия и петрография 
300 |a Заглавие с экрана 
320 |a [Библиогр.: с. 70 (4 назв.)] 
461 1 |0 (RuTPU)RU\TPU\conf\35202  |t Проблемы геологии и освоения недр  |l Problems of Geology and Subsurface Development  |o труды XXV Международного симпозиума имени академика М. А. Усова студентов и молодых учёных, посвященного 120-летию горногеологического образования в Сибири, 125-летию со дня основания Томского политехнического университета, Томск, 5-9 апреля 2021 г.  |o в 2 т.  |f Национальный исследовательский Томский политехнический университет, Инженерная школа природных ресурсов ; гл. ред. Н. В. Гусева ; под ред. Е. Ю. Пасечник  |d 2021 
463 1 |0 (RuTPU)RU\TPU\conf\35203  |t Т. 1  |v [С. 68-70]  |d 2021 
610 1 |a труды учёных ТПУ 
610 1 |a электронный ресурс 
610 1 |a золотая минерализация 
610 1 |a руды 
610 1 |a месторождения 
610 1 |a месторождение Абыз 
610 1 |a Центральный Казахстан 
700 1 |a Николаева  |b А. Н. 
701 1 |a Байболова  |b Ш. 
702 1 |a Мазуров  |b А. К.  |c горный инженер геолог  |c профессор-консультант Томского политехнического университета, доктор геолого-минералогических наук  |f 1951-  |g Алексей Карпович  |x TPU  |y Томск  |4 727  |9 11906 
712 0 2 |a Национальный исследовательский Томский политехнический университет  |b Инженерная школа природных ресурсов  |b Отделение геологии  |3 (RuTPU)RU\TPU\col\23542 
801 2 |a RU  |b 63413507  |c 20211029  |g RCR 
856 4 |u http://earchive.tpu.ru/handle/11683/68517 
942 |c BK